Exportní příležitosti: Indie

Charakteristika obchodných príležitostí Indie. Hospodárske vzťahy Česka a Indie. Priority indickej vlády. Uplatnenie českých firiem a ich výrobkov na indickom trhu.

Enregistré dans:
Détails bibliographiques
Auteur principal: David, Richard
Format: Chapitre de livre
Langue:tchèque
Sujets:
Tags: Ajouter un tag
Pas de tags, Soyez le premier à ajouter un tag!

MARC

LEADER 00000naa a2200000 4500
001 r049092
005 20230908091426.5
041 0 |a cze 
044 |a CZ 
245 1 0 |a Exportní příležitosti: Indie  |c Richard David 
520 |a Charakteristika obchodných príležitostí Indie. Hospodárske vzťahy Česka a Indie. Priority indickej vlády. Uplatnenie českých firiem a ich výrobkov na indickom trhu. 
610 2 0 |a obchod zahraničný 
610 2 0 |a styk zahraničnoobchodný 
610 2 0 |a India 
610 2 0 |a Česko 
610 2 0 |a trh zahraničný 
610 2 0 |a informácie obchodno-ekonomické 
610 2 0 |a vývoz 
610 2 0 |a vzťahy hospodárske vonkajšie 
100 1 |a David, Richard